Statistics for Bars and restaurants in movies and on TV

Click here to take the quiz!

General Stats

  • This quiz has been taken 16 times
  • The average score is 7 of 25

Answer Stats

HintAnswer% Correct
The Krusty KrabSpongeBob SquarePants
94%
Moe's TavernThe Simpsons
94%
Central PerkFriends
88%
Los Pollos HermanosBreaking Bad
56%
The Three BroomsticksHarry Potter
56%
Rick's Café AméricainCasablanca
44%
Pizza PlanetToy Story
38%
The Queen VictoriaEastenders
31%
The WoolpackEmmerdale
31%
Arnold's Drive-InHappy Days
31%
Café René'Allo 'Allo
25%
The Rovers ReturnCoronation Street
25%
The Nag's HeadOnly Fools and Horses
25%
Jack Rabbit Slim'sPulp Fiction
25%
Monk's CaféSeinfeld
25%
Café NervosaFrasier
13%
The Aidensfield ArmsHeartbeat
13%
Catherine's Bar (on the beach!)Death in Paradise
6%
The Frosty PalaceGrease
6%
The Winchester ClubMinder
6%
FoleysMrs Brown's Boys
6%
Nuovo VesuvioThe Sopranos
6%
The AnchorCasualty
0%
Café TropicalSchitt's Creek
0%
Soul Food CaféThe Blues Brothers
0%

Score Distribution

Percentile by Number Answered

Percent of People with Each Score

Your Score History

You have not taken this quiz